| 000 | 00510nam a2200121Ia 4500 | ||
|---|---|---|---|
| 008 | 170221s9999 xx 000 0 und d | ||
| 100 | _aZvavahera, P. | ||
| 245 | 3 | _aAn evaluation of the effectiveness of performance management systems on service delivery in the Zimbabwean civil service | |
| 245 | _cP. Zvavahera, National University of Science and Technology, Zimbabwe. | ||
| 260 | _bJournal of Management and Marketing Research | ||
| 650 | _xBusiness | ||
| 856 | _uhttp://www.aabri.com/manuscripts/131746.pdf | ||
| 999 |
_c307419 _d307419 |
||